| 000 | 01421nam a2200229Ia 4500 | ||
|---|---|---|---|
| 003 | Ost | ||
| 005 | 20260507075351.0 | ||
| 008 | 260507s9999||||xx |||||||||||||| ||und|| | ||
| 040 | _cfsecg | ||
| 041 | _aara | ||
| 082 | _a330 | ||
| 100 |
_aالصميدعي، محمود جاسم _eمؤلف |
||
| 245 | 0 |
_aأساسيات التسويق الشامل والمتكامل / _c محمود جاسم الصميدعي |
|
| 260 |
_aعمان: _bدار المناهج للنشر والتوزيع, _c2012 |
||
| 300 |
_a498 صفحة؛ _bإيضاحات ؛ _c24 سم |
||
| 520 | _aالتسويق( تعاريف المعاصرة، تطور التسويق)- المفاهيم الشاملة والواسعة النطاق- الأسواق وأسس تجزئتها- البيئة التسويقية- المنتجات- التسعير- التوزيع- الترويج- الشراء والتخزين- إدارة النشاطات التسوسقية- نظم المعلومات التسويقية وبحوث التسويق- سلوك المستهلك- تسويق الخدمات- التسويق الإستراتيجي- التسويق السياسي- التسويق الدولي- التسويق المباشر- التسويق عبر الأنترنت | ||
| 653 | _aأدارة المبيعات | ||
| 653 | _aالتسويق | ||
| 653 | _aدراسة السوق | ||
| 700 |
_aالعلاق، بشير عباس _eمؤلف ثانوي |
||
| 942 | _cكتاب | ||
| 999 |
_c44137 _d44137 |
||